Normal view MARC view
  • OPERATIONS RESEARCH - DATA PROCESSING MANAGEMENT SCIENCE - DATA PROCESSING

Entry Topical Term

Number of records used in: 1

001 - CONTROL NUMBER

  • control field: 76256

003 - CONTROL NUMBER IDENTIFIER

  • control field: NUST

005 - DATE AND TIME OF LATEST TRANSACTION

  • control field: 20210628205618.0

008 - FIXED-LENGTH DATA ELEMENTS

  • fixed length control field: 210628|| aca||aabn | a|a d

040 ## - CATALOGING SOURCE

  • Original cataloging agency: NUST
  • Transcribing agency: NUST

150 ## - HEADING--TOPICAL TERM

  • Topical term or geographic name entry element: OPERATIONS RESEARCH - DATA PROCESSING MANAGEMENT SCIENCE - DATA PROCESSING

670 ## - SOURCE DATA FOUND

  • Source citation: Work cat.: (NUST): Hall, Owen P 76255, Computer models for operations management, 1996
© 2023 Central Library, National University of Sciences and Technology. All Rights Reserved.